000
00302nam a2200109Ia 4500
008
200302s9999 xx 000 0 und d
100
_a
Albert W. Rubeling
245
_a
How to Start and Operate Your Own Design Firm
260
_b
Mcgraw- hill International Book co.,
260
_c
1994
300
_a
199 P.,
999
_c
1325
_d
1325